000 01053nam0a22002531 4500
001 rc\2776483
005 20250806204840.0
035 _a(NLR Aleph) 006902770
090 _a31143
_c31143
100 _a20110915d1941 u y0rusy50 ca
101 0 _arus
102 _aRU
105 _ay j |||||
200 1 _aПравила приема в высшие художественные учебные заведения в 1941 году
_fКом. по делам искусств при СНК СССР. Глав. упр. учеб. заведений
210 _aМосква
_aЛенинград
_cИскусство
_d1941
215 _a18, [2] с.
_d17 см.
710 0 1 _aСССР
_bКомитет по делам искусств
_bГлавное управление учебными заведениями
_3RU\NLR\AUTH\8810184565
801 0 _aRU
_bNLR
_gpsbo
801 1 _aRU
_bELAR
_2rusmarc
852 _aNLR
_jПр30 Г-2/39
942 _cBOOK
945 _aРоссийская национальная библиотека
980 _aNB
980 _aBV